000 00667nam a22002057a 4500
999 _c15370
_d15370
003 AR-CdUCM
008 190426b ||||| |||| 00| 0 spa d
020 _a1-55858-716-0
040 _aMUNICIPALIDAD PROVINCIAL DEL CUSCO
_cBIBLIOTECA MUNICIPAL DEL CUSCO
082 _aPI / 803 /
_bP25
245 _aLos cinco patitos :
_bUna rima tradicional ilustrada por Pamela Paparone /
260 _aNew York :
_bEdic. Norte-Sur,
_c1997.
300 _bIlustraciones,
_c21 cm.
650 _aLiteratura infantil
_9588
650 _aCuento
_94671
700 _aDiego Lasconi
_934418
700 _aGuillermo Gutierrez
_934419
942 _2ddc
_cLIBROS
945 _arjall
_d2019-04-26